POZOROVANIA TO POTVRDILI

Bibliographic Details
Main Authors: Mënza, E. (Author), Drägan, Mária (Author)
Other Authors: Zeník, Július (Translator)
Format: Article
Language:Slovak

MARC

LEADER 00000nab a2200000ua 4500
001 vtls010792622
003 SK-MaSNL
005 20260303120308.0
008 230131s1970 xo |||||||||||||||||slo|
035 |a (urnnbn)urn:nbn:sk:snk:ar-a005jx 
035 |a (uuid)1e38e84d-57b5-488f-8550-d756936395d6 
035 |a urn:nbn:sk:snk-ab50t7 
040 |a SNKBUCL  |b slo  |c SNKBUCL  |e AACR2 
041 0 |a slo 
044 |a xo  |c SK 
100 1 |a Mënza, E.  |4 aut  |9 1132764 
245 1 0 |a POZOROVANIA TO POTVRDILI  |c E. Mënza, Július Zeník, Mária Drägan 
700 1 |a Zeník, Július  |4 trl  |9 1132765 
700 1 |a Drägan, Mária  |4 aut  |9 1132766 
773 0 |t Včelár : odborný časopis Povereníctva poľnohospodárstva a lesného hospodárstva a Ústredia včelárskych združení na Slovensku  |g Roč. 44, č. 8 (1970), s. 176 
954 |a odborná, vedecká literatúra pôvodná (slovenská)  |2 lita 
958 |a OND 
958 |a EUIPO 
958 |a article3 
999 |c 1908691  |d 1910621